<?xml version="1.0" encoding="UTF-8"?><?xml-stylesheet type="text/xsl" href="static/style.xsl"?><OAI-PMH xmlns="http://www.openarchives.org/OAI/2.0/" xmlns:xsi="http://www.w3.org/2001/XMLSchema-instance" xsi:schemaLocation="http://www.openarchives.org/OAI/2.0/ http://www.openarchives.org/OAI/2.0/OAI-PMH.xsd"><responseDate>2026-06-01T02:00:09Z</responseDate><request verb="GetRecord" identifier="oai:riuma.uma.es:10630/6880" metadataPrefix="marc">https://riuma.uma.es/rest/oai/request</request><GetRecord><record><header><identifier>oai:riuma.uma.es:10630/6880</identifier><datestamp>2026-02-03T12:52:28Z</datestamp><setSpec>com_10630_5701</setSpec><setSpec>com_10630_3139</setSpec><setSpec>com_10630_10</setSpec><setSpec>col_10630_6821</setSpec></header><metadata><record xmlns="http://www.loc.gov/MARC21/slim" xmlns:dcterms="http://purl.org/dc/terms/" xmlns:doc="http://www.lyncode.com/xoai" xmlns:xsi="http://www.w3.org/2001/XMLSchema-instance" xsi:schemaLocation="http://www.loc.gov/MARC21/slim http://www.loc.gov/standards/marcxml/schema/MARC21slim.xsd">
   <leader>00925njm 22002777a 4500</leader>
   <datafield ind2=" " ind1=" " tag="042">
      <subfield code="a">dc</subfield>
   </datafield>
   <datafield ind2=" " ind1=" " tag="720">
      <subfield code="a">Galacho-Jiménez, Federico Benjamín</subfield>
      <subfield code="e">author</subfield>
   </datafield>
   <datafield ind2=" " ind1=" " tag="260">
      <subfield code="c">2005</subfield>
   </datafield>
   <datafield ind2=" " ind1=" " tag="520">
      <subfield code="a">La intensidad del proceso de urbanización en la Costa del Sol permite caracterizar un&#xd;
modelo de ocupación que configura el espacio centrado en su capacidad residencial y en&#xd;
una demanda creciente, siendo ésta la referencia más notable para la iniciativa privada. El&#xd;
planeamiento urbanístico municipal de los años noventa debió ordenar un modelo de expansión&#xd;
urbana desarticulado y con graves impactos ambientales. Sin embargo, su función se centró&#xd;
más en canalizar las inversiones de la iniciativa privada en el territorio municipal que en la&#xd;
resolución de la problemática territorial existente en estos ámbitos. Prueba de ello son los&#xd;
caóticos procesos de formulación de documentos de planeamiento de los municipios del litoral&#xd;
y las disparidades en sus criterios y objetivos de ordenación.</subfield>
   </datafield>
   <datafield ind2=" " ind1=" " tag="520">
      <subfield code="a">The intensity of the process of urbanization in the Costa del Sol permits to characterize&#xd;
a model of occupation that configures the space centered in its residential capacity and in a&#xd;
growing demand, being this the most notable reference for the private initiative. The planning&#xd;
urban of the nineties should order a model of urban expansion dismantled and with serious&#xd;
environmental impacts. Nevertheless, his function was centered more in channeling the&#xd;
investments of the private initiative in the municipal territory that in the resolution of the&#xd;
problematic territorial existing one in these environments. It tests of it they are the chaotic&#xd;
planning documents formulation processes of the municipalities of the litoral and the disparities&#xd;
in their criteria and objectives of ordering.</subfield>
   </datafield>
   <datafield ind1="8" ind2=" " tag="024">
      <subfield code="a">GALACHO JIMÉNEZ, F. B. "El planteamiento urbanístico municipal de la Costa del Sol : procesos de formulación y criterios de ordenación" Baética, 27, 2005, p. 97-114</subfield>
   </datafield>
   <datafield ind1="8" ind2=" " tag="024">
      <subfield code="a">0212-5099</subfield>
   </datafield>
   <datafield ind1="8" ind2=" " tag="024">
      <subfield code="a">http://hdl.handle.net/10630/6880</subfield>
   </datafield>
   <datafield tag="653" ind2=" " ind1=" ">
      <subfield code="a">Costa del Sol - Urbanismo</subfield>
   </datafield>
   <datafield ind2="0" ind1="0" tag="245">
      <subfield code="a">El planteamiento urbanístico municipal de la Costa del Sol : procesos de formulación y criterios de ordenación</subfield>
   </datafield>
</record>
</metadata></record></GetRecord></OAI-PMH>